[Event "Baltic Cup-B 1st"]
[Site "Darlowko"]
[Date "2017.06.29"]
[Round "6"]
[White "Koseski, Damian"]
[Black "Michalska, Aleksandra"]
[Result "0-1"]
[WhiteElo "1887"]
[BlackElo "1656"]
[PlyCount "92"]
[EventDate "2017.06.25"]
[EventType "swiss"]
[EventRounds "9"]
[EventCountry "POL"]
[SourceTitle "EXT 2019"]
[Source "ChessBase"]
[SourceDate "2018.10.10"]
[SourceVersion "1"]
[SourceVersionDate "2018.10.10"]
[SourceQuality "1"]

1. d4 d5 2. c4 dxc4 3. Nc3 Nf6 4. e3 e6 5. Bxc4 Be7 6. Nf3 0-0 7. 0-0 a6 8. Qe2 c5 9. a4 Nc6 10. Rd1 Qc7 11. dxc5 Bxc5 12. e4 Ng4 13. Rf1 h5 14. h3 Nd4 15. hxg4 Nxe2+ 16. Nxe2 hxg4 17. Bf4 Bxf2+ 18. Rxf2 Qxc4 19. Ne5 Qxe4 20. Nxg4 Bd7 21. Ra3 Qb1+ 22. Kh2 Rfc8 23. Rg3 Qg6 24. Ne5 Qh5+ 25. Rh3 Qxh3+ 26. gxh3 Bxa4 27. Nc3 Bc6 28. Nxc6 Rxc6 29. Rg2 Kf8 30. Rg4 f6 31. h4 Kf7 32. Rg2 e5 33. Be3 Rd8 34. Re2 Rc4 35. Kg3 f5 36. Bg5 Rd3+ 37. Kg2 Rg4+ 38. Kf2 Ke6 39. Rc2 Rc4 40. Re2 e4 41. Re1 Ke5 42. Ra1 f4 43. Ra5+ b5 44. Rxa6 Rd2+ 45. Ke1 Rxb2 46. Ne2 f3 0-1

[Event "POL-chT U19 2nd League"]
[Site "Iwonicz"]
[Date "2016.07.31"]
[Round "5.43"]
[White "Binkowski, Tomasz"]
[Black "Koseski, Damian"]
[Result "0-1"]
[WhiteElo "1438"]
[BlackElo "1762"]
[PlyCount "86"]
[EventDate "2016.07.23"]
[EventType "team-swiss"]
[EventRounds "11"]
[EventCountry "POL"]
[SourceTitle "EXT 2019"]
[Source "ChessBase"]
[SourceDate "2018.10.10"]
[SourceVersion "1"]
[SourceVersionDate "2018.10.10"]
[SourceQuality "1"]
[WhiteTeam "Tarnowskie Gory Strzybniczanka U19"]
[BlackTeam "Minsk Mazowiecki MTSz U19"]
[WhiteTeamCountry "POL"]
[BlackTeamCountry "POL"]

1. e4 c5 2. Nf3 d6 3. d4 cxd4 4. Nxd4 Nf6 5. Nc3 g6 6. Be3 Bg7 7. Qd2 0-0 8. Bd3 Nc6 9. Nxc6 bxc6 10. Bh6 Be6 11. 0-0 Nd7 12. Bxg7 Kxg7 13. b3 Qa5 14. Rad1 Nb6 15. Ne2 Qxd2 16. Rxd2 a5 17. Nf4 a4 18. Nxe6+ fxe6 19. Re2 Ra7 20. Rd1 Rfa8 21. f3 axb3 22. axb3 Ra2 23. Kf2 Rb2 24. Kg3 Raa2 25. Rc1 c5 26. Kg4 Ra3 27. Ree1 Kf6 28. h4 Nd7 29. f4 h5+ 30. Kf3 d5 31. exd5 exd5 32. Bb5 Nb6 33. Ra1 Nc4 34. Rxa3 Nxa3 35. Bc6 Nxc2 36. Rd1 Nd4+ 37. Rxd4 Rxb3+ 38. Ke2 cxd4 39. Bxd5 Re3+ 40. Kf2 e6 41. Bc6 e5 42. Be8 exf4 43. Bc6 d3 0-1

[Event "POL-chT U19 2nd League"]
[Site "Iwonicz"]
[Date "2016.07.31"]
[Round "7.55"]
[White "Hladun, Bartlomiej"]
[Black "Koseski, Damian"]
[Result "0-1"]
[WhiteElo "1469"]
[BlackElo "1762"]
[PlyCount "98"]
[EventDate "2016.07.23"]
[EventType "team-swiss"]
[EventRounds "11"]
[EventCountry "POL"]
[SourceTitle "EXT 2019"]
[Source "ChessBase"]
[SourceDate "2018.10.10"]
[SourceVersion "1"]
[SourceVersionDate "2018.10.10"]
[SourceQuality "1"]
[WhiteTeam "Gdynia MDK U19"]
[BlackTeam "Minsk Mazowiecki MTSz U19"]
[WhiteTeamCountry "POL"]
[BlackTeamCountry "POL"]

1. e4 e6 2. d4 d5 3. Nc3 Bb4 4. Nge2 Nf6 5. Bg5 dxe4 6. a3 Be7 7. Bxf6 Bxf6 8. Nxe4 Nc6 9. c3 0-0 10. N2g3 Be7 11. Bd3 Qd5 12. 0-0 f5 13. Nd2 Bd7 14. Bc4 Qd6 15. b4 Kh8 16. f4 Bf6 17. Qe2 Nxd4 18. Qd3 Nc6 19. Qc2 Ne7 20. Rad1 b5 21. Bb3 Qb6+ 22. Kh1 Bc6 23. c4 Qb7 24. Nf3 bxc4 25. Bxc4 Nd5 26. Qc1 a5 27. b5 Bxb5 28. Bxb5 Qxb5 29. Nd4 Bxd4 30. Rxd4 Rab8 31. h3 c5 32. Rc4 Rfc8 33. Rd1 Ne3 34. Qxe3 Qxc4 35. Rd6 Rb3 36. Qd2 h6 37. Nh5 Qc3 38. Qd1 Rxa3 39. Qe2 Ra1+ 40. Kh2 Re1 41. Qa6 Rg8 42. Qb7 Qa1 43. Ng3 a4 44. Qb6 a3 45. Nxf5 Rh1+ 46. Kg3 Qc3+ 47. Kg4 exf5+ 48. Kh5 g6+ 49. Rxg6 Rxh3+ 0-1

[Event "POL-chT U19 2nd League"]
[Site "Iwonicz"]
[Date "2016.07.31"]
[Round "10.85"]
[White "Szustakowski, Antoni"]
[Black "Koseski, Damian"]
[Result "1-0"]
[WhiteElo "2033"]
[BlackElo "1762"]
[PlyCount "115"]
[EventDate "2016.07.23"]
[EventType "team-swiss"]
[EventRounds "11"]
[EventCountry "POL"]
[SourceTitle "EXT 2019"]
[Source "ChessBase"]
[SourceDate "2018.10.10"]
[SourceVersion "1"]
[SourceVersionDate "2018.10.10"]
[SourceQuality "1"]
[WhiteTeam "Puszcza Marianska UKS Hetman U19"]
[BlackTeam "Minsk Mazowiecki MTSz U19"]
[WhiteTeamCountry "POL"]
[BlackTeamCountry "POL"]

1. d4 g6 2. c4 Nf6 3. Nc3 Bg7 4. e4 d6 5. Nf3 0-0 6. Be2 e5 7. 0-0 Nbd7 8. Be3 Re8 9. d5 Nh5 10. Re1 Bf8 11. b4 Ng7 12. Bg5 Be7 13. Bxe7 Qxe7 14. Nd2 f5 15. Nb3 fxe4 16. Nxe4 Nf6 17. Bf3 Nxe4 18. Bxe4 Rf8 19. Rc1 Bf5 20. f3 Qg5 21. Qd2 Qxd2 22. Nxd2 a5 23. b5 b6 24. c5 bxc5 25. a4 Ne8 26. Nc4 Rf7 27. Rb1 Rb8 28. Ra1 Ra8 29. g3 Bxe4 30. fxe4 Rf3 31. Ra3 Rxa3 32. Nxa3 Kf7 33. Nc4 Ke7 34. Rb1 Nf6 35. b6 cxb6 36. Rxb6 Nxe4 37. Rb7+ Kf6 38. Kg2 Ra6 39. Rd7 h5 40. h4 Nc3 41. Nxd6 e4 42. Ne8+ Ke5 43. Re7+ Kxd5 44. Nc7+ Kd6 45. Re6+ Kxc7 46. Rxa6 Nxa4 47. Rxa5 Nb6 48. Rxc5+ Kd6 49. Rg5 Nc4 50. Rxg6+ Kd5 51. Rg5+ Kd4 52. Rxh5 e3 53. Rh8 Nd2 54. Rd8+ Ke4 55. Re8+ Kd4 56. h5 Ne4 57. Rxe4+ Kxe4 58. Kf1 1-0

[Event "POL-chT U19 2nd League"]
[Site "Iwonicz"]
[Date "2015.08.01"]
[Round "8.26"]
[White "Koseski, Damian"]
[Black "Kukorowski, Jan"]
[Result "1/2-1/2"]
[WhiteElo "1652"]
[BlackElo "1677"]
[PlyCount "123"]
[EventDate "2015.07.25"]
[EventType "team-swiss"]
[EventRounds "11"]
[EventCountry "POL"]
[SourceTitle "EXT 2019"]
[Source "ChessBase"]
[SourceDate "2018.10.10"]
[SourceVersion "1"]
[SourceVersionDate "2018.10.10"]
[SourceQuality "1"]
[WhiteTeam "Minsk Mazowiecki MTSz U19"]
[BlackTeam "Gniezno LKS Chrobry U19"]
[WhiteTeamCountry "POL"]
[BlackTeamCountry "POL"]

1. d4 Nf6 2. c4 c5 3. d5 e5 4. Nc3 d6 5. e4 Be7 6. Bd3 Nbd7 7. Nge2 0-0 8. 0-0 Ne8 9. a3 Bg5 10. Ng3 Bxc1 11. Qxc1 g6 12. b4 b6 13. b5 Ng7 14. Qh6 Nf6 15. h3 Kh8 16. a4 Ng8 17. Qe3 f5 18. f4 fxe4 19. Ncxe4 exf4 20. Rxf4 Bf5 21. Raf1 Qe7 22. Qf2 Rfe8 23. Nxf5 Nxf5 24. g4 Ng7 25. Rf7 Qe5 26. Qf4 Qd4+ 27. Nf2 Qxf4 28. Rxf4 Re3 29. Kg2 Ne8 30. Re4 Rxe4 31. Nxe4 Kg7 32. Ng5 Nef6 33. Ne6+ Kh8 34. g5 Nd7 35. Re1 Rc8 36. a5 Rb8 37. Ra1 Ne5 38. Be2 Ne7 39. axb6 axb6 40. Ra7 Nf5 41. Kf2 Kg8 42. Bf1 Kh8 43. Be2 Kg8 44. Bf1 Kh8 45. Be2 Kg8 46. Bf1 Kh8 47. Nc7 Kg8 48. Ra8 Rxa8 49. Nxa8 Nd7 50. Be2 h6 51. gxh6 Nxh6 52. Kg3 Nf7 53. Kf4 Kg7 54. Bg4 Nfe5 55. Be2 Kf6 56. h4 Nf7 57. Bg4 Nfe5 58. Be2 Nf7 59. Bg4 Nfe5 60. Be2 Nf7 61. Bg4 Nfe5 62. Be2 1/2-1/2

[Event "POL-chT U19 2nd League"]
[Site "Iwonicz"]
[Date "2015.08.01"]
[Round "3.20"]
[White "Koseski, Damian"]
[Black "Zylka, Stanislaw"]
[Result "0-1"]
[WhiteElo "1652"]
[BlackElo "2197"]
[PlyCount "72"]
[EventDate "2015.07.25"]
[EventType "team-swiss"]
[EventRounds "11"]
[EventCountry "POL"]
[SourceTitle "EXT 2019"]
[Source "ChessBase"]
[SourceDate "2018.10.10"]
[SourceVersion "1"]
[SourceVersionDate "2018.10.10"]
[SourceQuality "1"]
[WhiteTeam "Minsk Mazowiecki MTSz U19"]
[BlackTeam "Podlesie UKS 21 U19"]
[WhiteTeamCountry "POL"]
[BlackTeamCountry "POL"]

1. d4 Nf6 2. c4 c5 3. d5 e6 4. g3 exd5 5. cxd5 d6 6. Bg2 g6 7. Nf3 Bg7 8. 0-0 0-0 9. Nc3 Re8 10. Re1 a6 11. a4 Nbd7 12. a5 b5 13. axb6 Nxb6 14. e4 Nfd7 15. Bf4 Nc4 16. Bf1 Nde5 17. Nxe5 Nxe5 18. Bxe5 Bxe5 19. Qb3 Qf6 20. Bg2 Bd4 21. Rf1 a5 22. Qc2 Bd7 23. Ra3 Reb8 24. Rfa1 a4 25. R1a2 Kg7 26. Nd1 Rb4 27. Kh1 Rab8 28. Rf3 Qe5 29. Rd3 f5 30. f4 Qf6 31. Nc3 fxe4 32. Bxe4 Bxc3 33. Rxc3 Re8 34. Bf3 Re1+ 35. Kg2 Qd4 36. Qf2 Bh3+ 0-1

[Event "POL-chT U19 2nd League"]
[Site "Iwonicz"]
[Date "2015.08.01"]
[Round "7.14"]
[White "Pilzak, Marcin"]
[Black "Koseski, Damian"]
[Result "1/2-1/2"]
[WhiteElo "2131"]
[BlackElo "1652"]
[PlyCount "107"]
[EventDate "2015.07.25"]
[EventType "team-swiss"]
[EventRounds "11"]
[EventCountry "POL"]
[SourceTitle "EXT 2019"]
[Source "ChessBase"]
[SourceDate "2018.10.10"]
[SourceVersion "1"]
[SourceVersionDate "2018.10.10"]
[SourceQuality "1"]
[WhiteTeam "Leszno Wieniawa U19"]
[BlackTeam "Minsk Mazowiecki MTSz U19"]
[WhiteTeamCountry "POL"]
[BlackTeamCountry "POL"]

1. d4 Nf6 2. Nf3 g6 3. c3 Bg7 4. Bf4 d5 5. e3 0-0 6. Bd3 Nbd7 7. h3 c5 8. Nbd2 Re8 9. 0-0 cxd4 10. cxd4 Nh5 11. Bh2 e5 12. dxe5 Nxe5 13. Nxe5 Bxe5 14. Bxe5 Rxe5 15. Nf3 Re7 16. Bc2 Be6 17. Bb3 Rc7 18. Nd4 a6 19. Nxe6 fxe6 20. e4 Nf6 21. exd5 exd5 22. Qd4 Qd6 23. Rad1 Rd8 24. Rd3 b5 25. Rfd1 Re7 26. R3d2 Kg7 27. Qc3 Qe5 28. Qxe5 Rxe5 29. Kf1 g5 30. Re2 Rde8 31. Red2 Rd8 32. Re2 Rde8 33. Rc2 R8e6 34. f3 Kf7 35. Rc7+ Re7 36. Rc6 R7e6 37. Rc5 Rd6 38. Kf2 Ke6 39. Rd4 Kd7 40. Rc2 Rc6 41. Rcd2 Kd6 42. Rd1 a5 43. a4 b4 44. h4 h6 45. hxg5 hxg5 46. Rh1 Kc5 47. Rd2 Rce6 48. Rc2+ Kb6 49. Rh8 Re3 50. Rb8+ Ka7 51. Rcc8 Rxb3 52. Ra8+ Kb6 53. Rab8+ Ka7 54. Ra8+ 1/2-1/2

[Event "POL-chT U19 1st League"]
[Site "Maslow Pierwszy"]
[Date "2014.08.02"]
[Round "9"]
[White "Kaczmarek, Aleksander"]
[Black "Koseski, Damian"]
[Result "1-0"]
[WhiteElo "2179"]
[BlackElo "1614"]
[PlyCount "63"]
[EventDate "2014.07.25"]
[EventType "team-tourn"]
[EventRounds "9"]
[EventCountry "POL"]
[SourceTitle "EXT 2015"]
[Source "ChessBase"]
[SourceDate "2014.11.20"]
[SourceVersion "1"]
[SourceVersionDate "2014.11.20"]
[SourceQuality "1"]
[WhiteTeam "Kielce KMKSz Victoria U19"]
[BlackTeam "Minsk Mazowiecki MTSz U19"]
[WhiteTeamCountry "POL"]
[BlackTeamCountry "POL"]

1. e4 e6 2. Nf3 d5 3. e5 c5 4. b4 cxb4 5. a3 Nc6 6. axb4 Bxb4 7. c3 Be7 8. d4 Bd7 9. Bd3 f5 10. 0-0 a6 11. c4 Nb4 12. Be2 Nh6 13. Bxh6 gxh6 14. Qd2 Bf8 15. Nc3 Bc6 16. c5 a5 17. Rfb1 Bg7 18. Nb5 Bxb5 19. Bxb5+ Kf7 20. Ne1 Qc7 21. Nd3 Nc6 22. Bxc6 bxc6 23. Rb6 Ra7 24. Rxa5 Rha8 25. Rxa7 Rxa7 26. h3 Ra4 27. Qb2 Kg8 28. Nb4 Bf8 29. Nxc6 h5 30. Qb5 Ra8 31. Rb7 Qc8 32. Na7 1-0

[Event "POL-chT U19 1st League"]
[Site "Maslow Pierwszy"]
[Date "2014.07.26"]
[Round "2"]
[White "Oszczanowski, Witold"]
[Black "Koseski, Damian"]
[Result "1-0"]
[WhiteElo "2086"]
[BlackElo "1614"]
[PlyCount "63"]
[EventDate "2014.07.25"]
[EventType "team-tourn"]
[EventRounds "9"]
[EventCountry "POL"]
[SourceTitle "EXT 2015"]
[Source "ChessBase"]
[SourceDate "2014.11.20"]
[SourceVersion "1"]
[SourceVersionDate "2014.11.20"]
[SourceQuality "1"]
[WhiteTeam "Wroclaw MUKS MDK Srodmiescie U19"]
[BlackTeam "Minsk Mazowiecki MTSz U19"]
[WhiteTeamCountry "POL"]
[BlackTeamCountry "POL"]

1. e4 e6 2. d4 d5 3. Nd2 Nf6 4. e5 Nfd7 5. Bd3 c5 6. c3 b6 7. Qg4 Ba6 8. Bxa6 Nxa6 9. Ne2 f5 10. exf6 Qxf6 11. Nf3 Bd6 12. Ng5 Nc7 13. f4 0-0-0 14. Be3 Qg6 15. h4 Nf6 16. Qh3 Ne4 17. 0-0-0 Rdf8 18. Rhf1 h6 19. h5 Nxg5 20. fxg5 Qe4 21. gxh6 Rxf1 22. Rxf1 Rxh6 23. g4 Rh8 24. Qf3 Rf8 25. Bf4 Bxf4+ 26. Nxf4 Qxf3 27. Rxf3 e5 28. dxe5 Ne6 29. Nxe6 Rxf3 30. Nxg7 Rg3 31. e6 Kd8 32. e7+ 1-0

[Event "POL-chT U19 1st League"]
[Site "Maslow Pierwszy"]
[Date "2014.07.25"]
[Round "1"]
[White "Koseski, Damian"]
[Black "Tomsia, Kamil"]
[Result "1/2-1/2"]
[WhiteElo "1614"]
[BlackElo "2147"]
[PlyCount "109"]
[EventDate "2014.07.25"]
[EventType "team-tourn"]
[EventRounds "9"]
[EventCountry "POL"]
[SourceTitle "EXT 2015"]
[Source "ChessBase"]
[SourceDate "2014.11.20"]
[SourceVersion "1"]
[SourceVersionDate "2014.11.20"]
[SourceQuality "1"]
[WhiteTeam "Minsk Mazowiecki MTSz U19"]
[BlackTeam "Trzebinia UKS Hetman Koronny U19"]
[WhiteTeamCountry "POL"]
[BlackTeamCountry "POL"]

1. d4 d6 2. c4 e5 3. d5 Nf6 4. Nc3 Bf5 5. Nf3 Na6 6. a3 Be7 7. b4 0-0 8. e3 Qd7 9. Be2 c6 10. Bb2 h6 11. 0-0 Nc7 12. dxc6 Qxc6 13. Rc1 b6 14. Bd3 Bxd3 15. Qxd3 a5 16. Rfd1 axb4 17. axb4 Qb7 18. Qc2 b5 19. Nd5 Ncxd5 20. cxd5 Rfc8 21. Qb3 Rxc1 22. Bxc1 Ra1 23. Qc3 Qa8 24. h3 Nxd5 25. Rxd5 Rxc1+ 26. Qxc1 Qxd5 27. Qc7 Bf8 28. Kh2 f6 29. Qd7 Qc4 30. Kg3 g5 31. h4 Qd5 32. Qf5 Qf7 33. Qd3 Qd7 34. Qd5+ Kg7 35. h5 Qe8 36. Kg4 Qd7+ 37. Kg3 Be7 38. Qd3 Qe8 39. Kg4 d5 40. Qxd5 Bxb4 41. Qb7+ Be7 42. Kf5 b4 43. g4 Qd8 44. Nd2 Kf7 45. Ne4 Qd3 46. Qc6 b3 47. Qe6+ Kf8 48. Qc8+ Bd8 49. Qb7 b2 50. Kg6 Be7 51. Qb8+ Bd8 52. Qb7 Be7 53. Qb8+ Bd8 54. Qb7 Be7 55. Qb5 1/2-1/2

[Event "POL-chT U19 1st League"]
[Site "Karpacz"]
[Date "2013.07.26"]
[Round "4"]
[White "Koseski, Damian"]
[Black "Sernecki, Franciszek"]
[Result "1-0"]
[WhiteElo "1653"]
[BlackElo "1736"]
[PlyCount "55"]
[EventDate "2013.07.22"]
[EventType "team-tourn"]
[EventRounds "9"]
[EventCountry "POL"]
[SourceTitle "EXT 2014"]
[Source "ChessBase"]
[SourceDate "2013.11.20"]
[SourceVersion "1"]
[SourceVersionDate "2013.11.20"]
[SourceQuality "1"]
[WhiteTeam "Minsk Mazowiecki MTSz U19"]
[BlackTeam "Wroclaw MUKS MDK Srodmiescie U19"]
[WhiteTeamCountry "POL"]
[BlackTeamCountry "POL"]

1. e4 c5 2. Nf3 Nc6 3. Bb5 Nf6 4. Nc3 e5 5. Bxc6 dxc6 6. Nxe5 Nxe4 7. Nxe4 Qd4 8. Qe2 Qxe5 9. d4 cxd4 10. f4 Qe7 11. f5 f6 12. 0-0 Bd7 13. Nd6+ Kd8 14. Nxb7+ Kc7 15. Qa6 Bc8 16. Bf4+ Kd7 17. Rfe1 Qb4 18. Qe2 Qe7 19. Qc4 Bxb7 20. Rxe7+ Bxe7 21. Qxd4+ Kc8 22. Re1 Rd8 23. Qc4 Rd7 24. Qe6 Bc5+ 25. Kh1 Bd4 26. Qg8+ Rd8 27. Re8 Bb6 28. Qe6# 1-0

[Event "Guzinsky Memorial-B 6th"]
[Site "Lazy"]
[Date "2013.05.02"]
[Round "6"]
[White "Nowak, Adam"]
[Black "Koseski, Damian"]
[Result "0-1"]
[WhiteElo "1358"]
[BlackElo "1638"]
[PlyCount "82"]
[EventDate "2013.04.28"]
[EventType "swiss"]
[EventRounds "9"]
[EventCountry "POL"]
[SourceTitle "EXT 2015"]
[Source "ChessBase"]
[SourceDate "2014.11.20"]
[SourceVersion "1"]
[SourceVersionDate "2014.11.20"]
[SourceQuality "1"]

1. c4 c5 2. Nf3 Nf6 3. Nc3 g6 4. g3 Bg7 5. Bg2 0-0 6. d4 cxd4 7. Nxd4 Nc6 8. Nc2 d6 9. b3 Ne4 10. Nxe4 Bxa1 11. Nxa1 Bf5 12. 0-0 a6 13. Bb2 Qc7 14. Qd2 f6 15. Nc3 Rac8 16. Rc1 Kg7 17. Nd5 Qd8 18. e4 Be6 19. Nc2 Re8 20. Nce3 Ne5 21. Qe2 Nf7 22. f4 b5 23. f5 Bxd5 24. Nxd5 bxc4 25. Nf4 Qb6+ 26. Kh1 Nh8 27. Nd5 Qb5 28. b4 c3 29. Nxc3 Qxb4 30. fxg6 hxg6 31. Rc2 a5 32. Bh3 Rc5 33. Be6 Rb8 34. a3 Qd4 35. Nd1 Rxc2 36. Qxc2 Qb6 37. Bd5 Nf7 38. Qc4 Ne5 39. Bxe5 dxe5 40. Nc3 Qf2 41. Bg8 Rxg8 0-1

[Event "Guzinsky Memorial-B 6th"]
[Site "Lazy"]
[Date "2013.05.01"]
[Round "5"]
[White "Koseski, Damian"]
[Black "Lebiedowicz, Borys"]
[Result "0-1"]
[WhiteElo "1638"]
[BlackElo "1729"]
[PlyCount "110"]
[EventDate "2013.04.28"]
[EventType "swiss"]
[EventRounds "9"]
[EventCountry "POL"]
[SourceTitle "EXT 2015"]
[Source "ChessBase"]
[SourceDate "2014.11.20"]
[SourceVersion "1"]
[SourceVersionDate "2014.11.20"]
[SourceQuality "1"]

1. d4 Nf6 2. c4 c5 3. e3 e6 4. Nc3 Be7 5. Nf3 0-0 6. Be2 a6 7. 0-0 b6 8. b3 Bb7 9. Bb2 cxd4 10. Nxd4 Qc7 11. Bf3 Nc6 12. Qe2 Nxd4 13. exd4 d5 14. cxd5 Nxd5 15. Nxd5 Bxd5 16. Bxd5 exd5 17. Rac1 Qd7 18. Rc3 Bf6 19. Qh5 g6 20. Qh6 Bg7 21. Qf4 Rae8 22. Qd2 Qg4 23. Rf3 Re4 24. h3 Qh4 25. Rd1 Rfe8 26. a4 Re2 27. Qc3 Qe4 28. Rdd3 Bh6 29. Qc7 Qe6 30. Ba3 Ra2 31. Qd6 Qe1+ 32. Kh2 Rxf2 33. Rxf2 Qxf2 34. Rf3 Qxd4 35. Bb4 Bf8 36. Qc7 Qe5+ 37. Qxe5 Rxe5 38. Bc3 Re6 39. Bd4 Bc5 40. Bxc5 bxc5 41. Rd3 Rd6 42. Rc3 Rc6 43. Rd3 d4 44. Kg3 f5 45. b4 cxb4 46. Rxd4 Rb6 47. Kf4 b3 48. Rd1 Rb4+ 49. Ke5 Kg7 50. Rb1 a5 51. Rb2 Kh6 52. Kf6 Kh5 53. g3 h6 54. h4 Kg4 55. Kxg6 Rb6+ 0-1

[Event "Guzinsky Memorial-B 6th"]
[Site "Lazy"]
[Date "2013.04.30"]
[Round "4"]
[White "Kanarek, Marian"]
[Black "Koseski, Damian"]
[Result "0-1"]
[WhiteElo "1469"]
[BlackElo "1638"]
[PlyCount "76"]
[EventDate "2013.04.28"]
[EventType "swiss"]
[EventRounds "9"]
[EventCountry "POL"]
[SourceTitle "EXT 2015"]
[Source "ChessBase"]
[SourceDate "2014.11.20"]
[SourceVersion "1"]
[SourceVersionDate "2014.11.20"]
[SourceQuality "1"]

1. e4 e6 2. Nc3 d5 3. d4 Bb4 4. e5 c5 5. Bb5+ Bd7 6. Bxd7+ Nxd7 7. Nf3 Ne7 8. Bg5 Qa5 9. Bd2 cxd4 10. Nxd4 Nxe5 11. a3 Bd6 12. Ncb5 Qb6 13. Nxd6+ Qxd6 14. Bb4 Qd7 15. Qh5 N5c6 16. Nxc6 Nxc6 17. Bc3 0-0 18. Qg4 f6 19. 0-0 Qf7 20. Rfe1 e5 21. h4 Rad8 22. b4 Qg6 23. Qe2 d4 24. Qc4+ Qf7 25. Qxf7+ Rxf7 26. Bb2 Rc7 27. c4 a5 28. b5 Nb8 29. f4 Nd7 30. fxe5 fxe5 31. Rac1 Rdc8 32. Re4 Rxc4 33. Rf1 Rc2 34. Bxd4 exd4 35. Rxd4 Nf6 36. Rf3 R2c4 37. Rd6 Rxh4 38. Rb6 Rc7 0-1

[Event "Guzinsky Memorial-B 6th"]
[Site "Lazy"]
[Date "2013.04.28"]
[Round "1"]
[White "Koseski, Damian"]
[Black "Krzywnicka, Maria"]
[Result "1-0"]
[WhiteElo "1638"]
[BlackElo "1320"]
[PlyCount "49"]
[EventDate "2013.04.28"]
[EventType "swiss"]
[EventRounds "9"]
[EventCountry "POL"]
[SourceTitle "EXT 2015"]
[Source "ChessBase"]
[SourceDate "2014.11.20"]
[SourceVersion "1"]
[SourceVersionDate "2014.11.20"]
[SourceQuality "1"]

1. d4 d5 2. c4 e6 3. Nc3 Nf6 4. Bf4 c6 5. e3 Be7 6. Bd3 0-0 7. Nf3 h6 8. Qc2 Nbd7 9. h4 Nb6 10. c5 Nbd7 11. Ke2 Nh5 12. g3 f5 13. Rag1 Nhf6 14. Ne5 Nxe5 15. dxe5 Ng4 16. f3 Nxe3 17. Bxe3 d4 18. Bf2 dxc3 19. Qxc3 Qd5 20. Rd1 Qd8 21. Bxf5 Qe8 22. Bc2 Qh5 23. g4 Qf7 24. Qd3 b6 25. Qh7# 1-0